LIBRARY & INFORMATION CENTRE, KCAET, TAVANUR

ONLINE PUBLIC ACCESS CATALOGUE (OPAC)

Text book of Farm machinery & Power Engineering (Record no. 15585)

MARC details
000 -LEADER
fixed length control field 00957nam a22001577a 4500
003 - CONTROL NUMBER IDENTIFIER
control field OSt
008 - FIXED-LENGTH DATA ELEMENTS--GENERAL INFORMATION
fixed length control field 190517b ||||| |||| 00| 0 eng d
020 ## - INTERNATIONAL STANDARD BOOK NUMBER
ISBN 9789387973640
082 ## - DEWEY DECIMAL CLASSIFICATION NUMBER
Classification number 631.3
Item number BAS/TE
100 ## - MAIN ENTRY--AUTHOR NAME
Personal name Basavaraj
-- Srigiri ,D
-- Jayan ,P R
245 ## - TITLE STATEMENT
Title Text book of Farm machinery & Power Engineering
260 ## - PUBLICATION, DISTRIBUTION, ETC. (IMPRINT)
Place of publication New Delhi
Name of publisher New India publishing Agency
Year of publication 2019
300 ## - PHYSICAL DESCRIPTION
Number of Pages 134 p.
505 ## - FORMATTED CONTENTS NOTE
Formatted contents note 1. Introduction of Farm Power Machinery and Energy<br/><br/>2. Materials of Construction<br/><br/>3. Tillage Methods<br/><br/>4. Sowing and Planting<br/><br/>5. Plant Protection: Spraying and Dusting<br/><br/>6. Harvesting and Threshing<br/><br/>7. Theory of Machine and Machine Design<br/><br/>8.Tractor and Its Control System<br/><br/>9. Erogonomics in Agriculture<br/><br/>10. Energy in Agriculture<br/><br/>11.Workshop Practice and Technology<br/><br/>12. Instrumentation and Measurement System<br/><br/>13. Testing and Evaluation in Farm Machinery and Power<br/><br/>14. Formulae<br/><br/>15.Important Expansions
942 ## - ADDED ENTRY ELEMENTS (KOHA)
Koha item type Books
Holdings
Withdrawn status Lost status Damaged status Collection code Home library Current library Shelving location Date acquired Cost, normal purchase price Full call number Accession Number Koha item type Source of acquisition
      Non-fiction KAUAET KAUAET General Stacks 17/05/2019 990.00 631.3 BAS/TE 25773 Books  
        KAUAET KAUAET Scheme 31/03/2021 990.00 631.3 BAS/TE BB 600 Book Bank scheme for SC students M/S TBS Books Calicut
        KAUAET KAUAET Scheme 31/03/2021 990.00 631.3 BAS/TE BB 601 Book Bank scheme for SC students M/S TBS Books Calicut
        KAUAET KAUAET NAHEP-CAAST Project 07/09/2021 990.00 631.3 BAS/TE 25988 Books  
        KAUAET KAUAET NAHEP-CAAST Project 07/09/2021 990.00 631.3 BAS/TE 25989 Books  
free website counter